| 000 | 00516nam a2200145Ia 4500 | ||
|---|---|---|---|
| 008 | 170221s9999 xx 000 0 und d | ||
| 100 | _aAzham Hussain | ||
| 245 | 4 | _aThe Role of Requirements in the Success or Failure of Software Projects | |
| 245 | _cAzham Hussain, Emmanuel O.C. Mkpojiogu, Fazillah Mohmad Kamal | ||
| 260 | _bInternational Review of Management and Marketing | ||
| 260 | _c2016 | ||
| 300 | _a6 : 7S | ||
| 650 | _xMarketing. | ||
| 856 | _uhttp://www.econjournals.com/index.php/irmm/issue/view/91 | ||
| 999 |
_c308596 _d308596 |
||